Quizzes
Events
Quiz Creation
Community
Videos
Private Events
Remove Ads
Sign In
Join for FREE
Feedback
Dark Mode
Quiz Categories
Sports
Geography
Music
Movies
Television
Just For Fun
Miscellaneous
History
Literature
Language
Science
Gaming
Entertainment
Religion
Holiday
For Kids
Quiz Lab
Recent
Popular Today
Quiz Kudos Today
Editor Picks
Curator Picks
Quizzes by...
Day
Popularity
Type
Ratings
Length
Year
Community
Subscriptions
Recent Discussions
Orange Saloon
Badges
Playlists
Quests
Create
Leaderboards
Showdown
Live 5
Trivia Bingo
Activity
Puzzle Library
Sporcle Events
Private Events
Virtual Trivia
Globe League
Become a Host
Pub Owners
SporcleCon
Opinionation
Our Games
Videos
Blog
Mobile Apps
Partnerships
Remove Ads and Go Orange
Feedback
Movies
Disney
Marvel Cinematic Universe
Movie Resume
Movie Titles
Oscar
Actor
Actress
Director
Pixar
Role
Movie Quotes
Movie Characters
Box Office
Nominee
Best Picture
Star Wars
James Bond
Horror Movies
Movies
Disney
Marvel Cinematic Universe
Movie Resume
Movie Titles
Oscar
Actor
Actress
Director
Pixar
Role
Movie Quotes
Movie Characters
Box Office
Nominee
Best Picture
Star Wars
James Bond
Horror Movies
Random Quiz
Search Sporcle
×
Quiz Lab
Quiz Lab
Movies
Puzzle
Type in answers that appear in a list
Type in answers that appear in a list
Classic
Best Score? Go Orange.
More Verbose Movies Stats
Can you name the These movies from their verbose re-interpretations?
By
Morgan_Batman
5m
13 Questions
97 Plays
97 Plays
97 Plays
Comments
Comments
Give Quiz Kudos
Give Quiz Kudos
-
- Ratings
hide this ad
Replay
Link that replays current quiz
Next Quiz
Link to next quiz in quiz playlist
You Got
0%
They Got
Avg Score
35%
Avg Friend Score
Upgrade to see
Score Distribution
Jump to the score distribution portion of the page
Score
0/13
Timer
05:00
0
Plays Today
New Titles
Real Titles
% Correct
Feudal Overlord of Cyclical Jewelry
Lord of the Rings
75.3%
Searching for the Captain of The Nautilus
Finding Nemo
64.9%
Gentleman's Symposium for the Study of Pugilism
Fight Club
42.3%
Minority Bird of Prey Descends
Black Hawk Down
39.2%
Decimal Reasons for Negative Personal Appreciation
10 Things I Hate About You
36.1%
Organ of Impressive Fortitude
Braveheart
36.1%
Criminal Affliates of Recently Produced Version of English City
Gangs of New York
35.1%
Four-
Legged Companions of Water Storage
Reservoir Dogs
35.1%
Desmodus Homo Commences
Batman Begins
24.7%
Discomfort and Psychopathy Induced by Proximity to The Spanish Meadows
Fear and Loathing in Las Vegas
20.6%
The Occupation in a Southern European State
The Italian Job
20.6%
Level of Department Store Devoted to Adolescent Products
Toy Story
17.5%
Small Avoidance of Cosmically Emitted Photons
Little Miss Sunshine
9.3%
Quiz Playlist
Details
Report
Send in Message
Add To Playlist
Classic:
Type in answers that appear in a list
Last Updated: Feb 16, 2017
Quiz Scoreboard
CHALLENGE
Sign Up to Join the Scoreboard
Show All
Scores
Hide
Comments
May contain spoilers
Recently Published
9x9 Crossword: Cartoon Network
by jackfrog10
Miscellaneous
3m
College Basketball Coaching Resumes
by pancakes188
Sports
9m
Billboard Blitz: Fleetwood Mac
by CooCooCachoo
Music
15s
More to Explore
Quiz From the Vault
Featured Blog Post
Where Did the Easter Bunny Come From?
hide this ad
You Might Also Like...
Tags
Puzzle Quiz
Verbose
Today's Top Quizzes in Movies
Browse Movies
hide this ad
Today's Top Quizzes in Puzzle
Browse Puzzle
Top Contributed Quizzes in Movies
1
Pick 5 Posters: Directed by Spielberg
2
7-to-1: Pixar Characters
3
Pick 5 Posters: Lowest-Rated Spielberg
4
Sorting Actors
5
Sorting Actresses
6
Pick 5 Posters: Directed by Scorsese
7
Pick 5 Posters: Star & Director
8
Pick 5 Posters: Women Directed 2020s
9
12 Movies about Fictional 1960s Events
10
Multi-Oscar Nominations, One Movie, One Winner
Explore More
Trending Topics
Marvel
Disney
Anime
Kpop
Crossword
Harry Potter
NBA
Puzzle
WWE
The Office
Pokémon
Soccer
Song
Country
NFL
hide this ad
More By:
Morgan_Batman
Quiz
Plays
Rating
Category
Featured
Created
Lord Of The Rings Meme-athon
942
4.40
Movies
Jan 21, 2011
Bad Descriptions of Liam Neeson Films
185
4.00
Movies
Jan 21, 2011
Musical Moral Messages
108
4.00
Music
Jan 21, 2011
More Verbose Movies
97
1.00
Movies
May 25, 2011
Go to Creator's Profile
Score Distribution
Quiz Creator Spotlight
Morgan_Batman
Follow
Send a Message
Quizzes Created
-
Created Quiz Play Count
-
More By This Creator
Popular Quizzes Today
1
Find the US States - No Outlines Minefield
2
Find the Countries of Europe - No Outlines Minefield
3
The Countries of the World
4
Find the US States
5
Risky Map Clicking: Biggest States A-Z
6
US States
7
Popular People in 1961
8
Movies - When Are They Set?
More Movies Quizzes
'Jurassic Park' Start to Finish
Published
Trending Quizzes
Risky Map Clicking: Least Populous States A-Z
1-10 Letter G Words
1-10 Letter F Words
Risky Map Clicking: Next State Alphabetically
Adjectives in 80s TV Shows
Recently Updated
Leaping Animals
pecheneg
Reality TV Shows (A-Z)
bhenderson79
Rickey Henderson's Hall of Fame Teammates
pecheneg
Champions League XIs: Arsenal
pecheneg
Quick Pick: Celebrities in WWE's Hall of Fame
aduchscher
A-Z Keypad Blitz II
pecheneg
Multiple Oscar Actors
pecheneg
Mystery Phrase Blitz: Oscar 'Best Actors'
pecheneg
F. Scott Fitzgerald Novels
LTH
Pick 3 Villains
ddd62291
Trending Topics
Harry Potter
Marvel
Kpop
Crossword
NBA
Disney
Anime
Pokémon
WWE
Country
NFL
Puzzle
Song
Soccer
The Office
Your Account Isn't Verified!
In order to create a playlist on Sporcle, you need to verify the email address you used during registration. Go to your
Sporcle Settings
to finish the process.
Report this User
Report this user for behavior that violates our
Community Guidelines
.
Details:
Send Report
Go to the Sporcle.com Mobile Site →
Comments